000 003160000a22000970004500
100 1 _aConsejo Mundial de Iglesias
245 1 0 _aVen, Espiritu Santo : Mensaje de la VII Asamblea del Consejo Mundial de Iglesiaa
300 _aVol. 10, Num 2 (Abril-Junio, 1991) Páginas 18-19
773 0 _tIglesia y Misión
942 _cANA
999 _c51914
_d51914